00876nam a2200217 i 4500001000300000111005700003245014400060260002900204300004200233490003700275500002600312650002100338655002900359710007000388830002900458040000800487041000900495080001500504008004100519856009800560bg2 aWarsztaty Mobilnych Robotów ;d(1999 ;cZakopane).00aWarsztaty robotów mobilnych :bDolina Chochołowska wrzesień 1999 /cInstytut Podstawowych Problemów Techniki Polskiej Akademii Nauk. aWarszawa :bIPPT,c1999. a115 s. :bfot., rys., wykr. ;c21 cm.1 aPrace IPPT,x0208-5658 ;v8/1999 aTekst częśc. ang. 9aAutomaty mobilne aMateriały konferencyjne 0aInstytut Podstawowych Problemów Techniki Polskiej Akademii Nauk aPrace IPPT,x0208-5658 ; cBPKw aplen a007.5(061) s pl f |000 0 pol  uhttp://koha.tu.koszalin.pl/cgi-bin/koha/opac-detail.pl?biblionumber=35810yKatalog online BPK